| 000 | 00371nam a22001457a 4500 | ||
|---|---|---|---|
| 005 | 20250117114540.0 | ||
| 008 | 250117b |||||||| |||| 00| 0 eng d | ||
| 020 | _a9780852974940 | ||
| 050 |
_aREF 8025 CLA _b1 |
||
| 100 | _aCliark John | ||
| 245 | _aDictionary of insurance and finance terms | ||
| 260 |
_acanterbury _bCIB _c1999c |
||
| 300 | _a342p, | ||
| 942 |
_2lcc _cBK _n0 |
||
| 999 |
_c2615 _d2615 |
||